[Event "Pardubice KB op"]
[Site "Pardubice"]
[Date "1997.07.24"]
[Round "8"]
[White "Potapov, Alexander"]
[Black "Gutman, Gennadi"]
[Result "0-1"]
[WhiteElo "2490"]
[BlackElo "2390"]
[PlyCount "152"]
[EventDate "1997.07.17"]
[EventType "swiss"]
[EventRounds "9"]
[EventCountry "CZE"]
[SourceTitle "CBM 059 Extra"]
[Source "ChessBase"]
[SourceDate "1997.09.26"]
[SourceVersion "1"]
[SourceVersionDate "1997.09.26"]
[SourceQuality "1"]

1. d4 Nf6 2. c4 g6 3. Nc3 Bg7 4. e4 d6 5. h3 O-O 6. Bg5 Nbd7 7. Nf3 e5 8. d5 a5
9. Be2 Nc5 10. Nd2 c6 11. g4 a4 12. b4 axb3 13. axb3 Rxa1 14. Qxa1 Na6 15. Qa3
c5 16. Kd1 Bd7 17. Kc2 Qb6 18. Ra1 Ra8 19. Kc1 Qd8 20. Nb5 h6 21. Bh4 Bf8 22.
f3 Be7 23. Bxf6 Bxf6 24. Nxd6 Bg5 25. Qa5 b6 26. Qc3 Bf4 27. Kd1 Nb4 28. Nf1
Ra2 29. Rxa2 Nxa2 30. Qb2 Qa8 31. Nd2 Qa5 32. Nb7 Qa8 33. Nb1 Bc1 34. Qc2 Be3
35. Nd6 Bd4 36. Qd2 Nb4 37. Bd3 Qd8 38. Bf1 Qf6 39. Nf5 gxf5 40. exf5 Qg5 41.
Qxg5+ hxg5 42. Nd2 f6 43. Ne4 Kg7 44. Be2 Na6 45. Kc2 Nc7 46. Bf1 Ne8 47. Kb1
Kf7 48. Ka2 Be3 49. Ka3 Bc1+ 50. Ka2 Ke7 51. Be2 Nd6 52. Bd3 Nxe4 53. fxe4 Kd6
54. Kb1 Bf4 55. Kc2 Kc7 56. Bf1 Bg3 57. Kd2 Kb7 58. Be2 Be8 59. Bf1 Bf2 60. Be2
Ka6 61. b4 b5 62. cxb5+ Kb6 63. bxc5+ Bxc5 64. Bf3 Bxb5 65. Bg2 Bf2 66. Kc3 Kc5
67. Kb3 Be1 68. Ka3 Bb4+ 69. Kb3 Bc4+ 70. Ka4 Be2 71. Kb3 Bd1+ 72. Kb2 Kd4 73.
Kc1 Be2 74. Kb2 Bc4 75. Kc2 Be7 76. Kd2 Bd3 0-1

[Event "Pardubice KB op"]
[Site "Pardubice"]
[Date "1997.07.25"]
[Round "9"]
[White "Gutman, Gennadi"]
[Black "Rychagov, Andrey"]
[Result "1-0"]
[WhiteElo "2390"]
[BlackElo "2495"]
[PlyCount "103"]
[EventDate "1997.07.17"]
[EventType "swiss"]
[EventRounds "9"]
[EventCountry "CZE"]
[SourceTitle "CBM 059 Extra"]
[Source "ChessBase"]
[SourceDate "1997.09.26"]
[SourceVersion "1"]
[SourceVersionDate "1997.09.26"]
[SourceQuality "1"]

1. d4 f5 2. g3 Nf6 3. Bg2 g6 4. Nf3 Bg7 5. b3 O-O 6. Bb2 d6 7. O-O a5 8. Nbd2
Nc6 9. a3 Qe8 10. Nc4 e6 11. a4 Bd7 12. e3 Rd8 13. Nfd2 d5 14. Na3 e5 15. Nb5
Rc8 16. c4 e4 17. Nc3 Nb4 18. cxd5 Nfxd5 19. Nxd5 Nxd5 20. Nc4 b6 21. Ba3 Nb4
22. Qd2 Qe7 23. Rac1 Be6 24. d5 Rfd8 25. Bxb4 axb4 26. d6 Bxc4 27. Qxb4 Rxd6
28. Qxc4+ Kh8 29. Rfd1 Be5 30. Rxd6 Qxd6 31. Qc6 Kg7 32. Qxd6 Bxd6 33. Bf1 Kf6
34. Bc4 g5 35. Rd1 h5 36. Kg2 Re8 37. Rd5 Re7 38. h3 h4 39. g4 f4 40. Rf5+ Kg6
41. Rd5 f3+ 42. Kf1 Re8 43. Rd4 Bc5 44. Rd7 Rf8 45. Bd5 Bd6 46. Bxe4+ Kf6 47.
Bxf3 Rf7 48. Rxf7+ Kxf7 49. Ke2 Ke6 50. Kd3 Ke5 51. Kc4 c5 52. Kb5 1-0

[Event "Decin op-A"]
[Site "Decin"]
[Date "1998.??.??"]
[Round "9"]
[White "Gutman, Gennadi"]
[Black "Lechtynsky, Jiri"]
[Result "1-0"]
[WhiteElo "2415"]
[BlackElo "2370"]
[PlyCount "79"]
[EventDate "1998.08.??"]
[EventType "swiss"]
[EventRounds "10"]
[EventCountry "CZE"]
[SourceTitle "EXT 2000"]
[Source "ChessBase"]
[SourceDate "1999.11.16"]
[SourceVersion "1"]
[SourceVersionDate "1999.11.16"]
[SourceQuality "1"]

1. e4 c6 2. c4 e5 3. Nf3 d6 4. d4 Bg4 5. Be2 Nd7 6. Nc3 Be7 7. O-O Bxf3 8. Bxf3
Bg5 9. Bxg5 Qxg5 10. d5 c5 11. Qb3 Ngf6 12. Qxb7 Ke7 13. Qb3 h5 14. Qc2 h4 15.
a3 Nh5 16. Bxh5 Rxh5 17. b4 Qg6 18. Nd1 a5 19. Ne3 Kf8 20. Qa4 Nf6 21. Qc6 Rd8
22. f3 axb4 23. axb4 cxb4 24. Qc7 Ke8 25. Nf5 Rxf5 26. Ra7 Nd7 27. exf5 Qf6 28.
Rfa1 e4 29. Ra8 b3 30. fxe4 h3 31. Rxd8+ Qxd8 32. Qxd8+ Kxd8 33. Ra5 hxg2 34.
Rb5 Nc5 35. e5 Nd3 36. e6 fxe6 37. fxe6 Nc5 38. Kxg2 Ke7 39. Kf3 Kf6 40. Ke3
1-0

[Event "Decin op-A"]
[Site "Decin"]
[Date "1998.??.??"]
[Round "10"]
[White "Dochev, Dimitar"]
[Black "Gutman, Gennadi"]
[Result "0-1"]
[WhiteElo "2360"]
[BlackElo "2415"]
[PlyCount "92"]
[EventDate "1998.08.??"]
[EventType "swiss"]
[EventRounds "10"]
[EventCountry "CZE"]
[SourceTitle "EXT 2000"]
[Source "ChessBase"]
[SourceDate "1999.11.16"]
[SourceVersion "1"]
[SourceVersionDate "1999.11.16"]
[SourceQuality "1"]

1. e4 c5 2. Nf3 d6 3. d4 cxd4 4. Nxd4 Nf6 5. Nc3 Nc6 6. Bc4 e5 7. Nf3 Be6 8.
Bb3 h6 9. O-O Be7 10. Nh4 Nxe4 11. Nxe4 d5 12. Nc3 Bxh4 13. Bxd5 Bxd5 14. Nxd5
O-O 15. Be3 f5 16. c4 Rf7 17. f3 Bg5 18. Bf2 Qd6 19. Qe2 Re8 20. Rad1 Qb8 21.
g3 Qc8 22. b4 b6 23. Rfe1 f4 24. Qe4 fxg3 25. hxg3 Ref8 26. Rd3 Qh3 27. f4 exf4
28. gxf4 Qh5 29. Qe6 Nd8 30. Qe2 Qxe2 31. Rxe2 Bxf4 32. b5 Bd6 33. Bd4 Nb7 34.
Rde3 Rf1+ 35. Kg2 Rd1 36. Bc3 Rff1 37. Re1 Rfxe1 38. Rxe1 Rxe1 39. Bxe1 Kf7 40.
Kf3 Ke6 41. Ke4 Be5 42. Nb4 Nc5+ 43. Ke3 g5 44. Nc6 h5 45. Nxa7 h4 46. Nc6 h3
0-1

[Event "Marganets"]
[Site "Marganets"]
[Date "1999.??.??"]
[Round "2"]
[White "Kushch, Nikolai"]
[Black "Gutman, Gennadi"]
[Result "0-1"]
[WhiteElo "2375"]
[BlackElo "2470"]
[PlyCount "60"]
[EventDate "1999.??.??"]
[EventType "tourn"]
[EventRounds "11"]
[EventCountry "UKR"]
[EventCategory "8"]
[SourceTitle "EXT 2001"]
[Source "ChessBase"]
[SourceDate "2000.11.22"]
[SourceVersion "1"]
[SourceVersionDate "2000.11.22"]
[SourceQuality "1"]

1. d4 Nf6 2. c4 g6 3. Nf3 Bg7 4. g3 O-O 5. Bg2 d6 6. O-O Nbd7 7. Nc3 e5 8. e4
c6 9. h3 Qa5 10. Re1 exd4 11. Nxd4 Ne5 12. Bf1 Re8 13. f4 Qc5 14. fxe5 dxe5 15.
Be3 exd4 16. Bxd4 Qg5 17. Qf3 Nd7 18. Be3 Ne5 19. Qf2 Qh5 20. g4 Bxg4 21. hxg4
Nxg4 22. Be2 Nxf2 23. Bxh5 Nd3 24. Be2 Nxe1 25. Rxe1 Bxc3 26. bxc3 Rxe4 27. Kf2
Rae8 28. Bd3 R4e7 29. Bd2 Rxe1 30. Bxe1 f5 0-1

[Event "Marganets"]
[Site "Marganets"]
[Date "1999.??.??"]
[Round "3"]
[White "Gutman, Gennadi"]
[Black "Arzumanian, Georgy"]
[Result "1-0"]
[WhiteElo "2470"]
[BlackElo "2363"]
[PlyCount "61"]
[EventDate "1999.??.??"]
[EventType "tourn"]
[EventRounds "11"]
[EventCountry "UKR"]
[EventCategory "8"]
[SourceTitle "EXT 2001"]
[Source "ChessBase"]
[SourceDate "2000.11.22"]
[SourceVersion "1"]
[SourceVersionDate "2000.11.22"]
[SourceQuality "1"]

1. d4 d5 2. Nf3 c6 3. c4 e6 4. Nc3 dxc4 5. a4 Bb4 6. e3 b5 7. Bd2 a5 8. axb5
Bxc3 9. Bxc3 cxb5 10. b3 Bb7 11. bxc4 b4 12. Bb2 Nf6 13. Bd3 Nbd7 14. Qc2 O-O
15. O-O Qc7 16. e4 e5 17. Rfe1 Rfe8 18. c5 exd4 19. Bxd4 h6 20. e5 Nd5 21. e6
Rxe6 22. Rxe6 fxe6 23. Re1 Rc8 24. Rxe6 N7f6 25. Bc4 Kh8 26. Bxd5 Bxd5 27. Rxf6
gxf6 28. Bxf6+ Kg8 29. Qg6+ Kf8 30. Ne5 Bg8 31. c6 1-0

[Event "Marganets"]
[Site "Marganets"]
[Date "1999.??.??"]
[Round "5"]
[White "Gutman, Gennadi"]
[Black "Stoockalov, Vladimir L"]
[Result "1-0"]
[WhiteElo "2470"]
[BlackElo "2445"]
[PlyCount "81"]
[EventDate "1999.??.??"]
[EventType "tourn"]
[EventRounds "11"]
[EventCountry "UKR"]
[EventCategory "8"]
[SourceTitle "EXT 2001"]
[Source "ChessBase"]
[SourceDate "2000.11.22"]
[SourceVersion "1"]
[SourceVersionDate "2000.11.22"]
[SourceQuality "1"]

1. d4 Nf6 2. c4 g6 3. Nc3 Bg7 4. e4 d6 5. f3 O-O 6. Bg5 h6 7. Be3 c5 8. Nge2
Nc6 9. Qd2 cxd4 10. Nxd4 Nxd4 11. Bxd4 a6 12. Be2 Qa5 13. O-O Bd7 14. Rfd1 Qd8
15. Qe3 Rc8 16. b4 Qe8 17. e5 dxe5 18. Bxe5 Be6 19. Rd4 Qc6 20. Rad1 Nd7 21.
Bxg7 Kxg7 22. f4 Nf6 23. c5 Qc7 24. R1d2 Rfe8 25. h3 h5 26. Bf3 Bd7 27. Nd5
Nxd5 28. Rxd5 Bc6 29. R5d3 Bb5 30. Rd4 e5 31. Rd6 exf4 32. Qxf4 Re1+ 33. Kh2
Qe7 34. Bxh5 gxh5 35. R2d5 Rh8 36. Qd4+ Kg8 37. Rd8+ Be8 38. Rxe8+ Qxe8 39.
Rg5+ Kf8 40. Qxh8+ Ke7 41. Re5+ 1-0

[Event "Marganets"]
[Site "Marganets"]
[Date "1999.??.??"]
[Round "7"]
[White "Borovikov, Vladislav"]
[Black "Gutman, Gennadi"]
[Result "0-1"]
[WhiteElo "2470"]
[BlackElo "2470"]
[PlyCount "66"]
[EventDate "1999.??.??"]
[EventType "tourn"]
[EventRounds "11"]
[EventCountry "UKR"]
[EventCategory "8"]
[SourceTitle "EXT 2001"]
[Source "ChessBase"]
[SourceDate "2000.11.22"]
[SourceVersion "1"]
[SourceVersionDate "2000.11.22"]
[SourceQuality "1"]

1. e4 e6 2. d4 d5 3. Nd2 Nf6 4. e5 Nfd7 5. Bd3 c5 6. c3 Nc6 7. Ne2 cxd4 8. cxd4
f6 9. exf6 Nxf6 10. Nf3 Bd6 11. O-O O-O 12. Bf4 Bxf4 13. Nxf4 Ng4 14. g3 Qd6
15. Bxh7+ Kxh7 16. Ng5+ Kg8 17. Qxg4 e5 18. Qh5 Qh6 19. dxe5 Rxf4 20. Qxh6 gxh6
21. gxf4 hxg5 22. fxg5 Bf5 23. f4 Kf7 24. Rad1 d4 25. b4 d3 26. b5 Nd4 27. a4
Rh8 28. Rf2 Ne2+ 29. Kf1 Nc3 30. Rc1 Ne4 31. Rb2 d2 32. Rd1 Rxh2 33. Kg1 Re2
0-1

[Event "Marganets"]
[Site "Marganets"]
[Date "1999.??.??"]
[Round "8"]
[White "Gutman, Gennadi"]
[Black "Bets, Anatolij"]
[Result "1-0"]
[WhiteElo "2470"]
[BlackElo "2439"]
[PlyCount "69"]
[EventDate "1999.??.??"]
[EventType "tourn"]
[EventRounds "11"]
[EventCountry "UKR"]
[EventCategory "8"]
[SourceTitle "EXT 2001"]
[Source "ChessBase"]
[SourceDate "2000.11.22"]
[SourceVersion "1"]
[SourceVersionDate "2000.11.22"]
[SourceQuality "1"]

1. d4 d6 2. Nf3 Bg4 3. c4 Bxf3 4. exf3 g6 5. Bd3 Bg7 6. O-O Nd7 7. d5 Ngf6 8.
Re1 Nc5 9. Bf1 c6 10. Nc3 O-O 11. Be3 Nfd7 12. Qd2 a5 13. Rad1 a4 14. h4 Re8
15. h5 Qb6 16. hxg6 hxg6 17. f4 Qa5 18. Bd4 Bxd4 19. Qxd4 f6 20. Re3 Kf7 21.
Rde1 Qb4 22. Qd2 e5 23. dxe6+ Rxe6 24. a3 Qb6 25. Rxe6 Nxe6 26. Qxd6 Ndc5 27.
Rxe6 Nxe6 28. Qd7+ Kf8 29. Qxe6 Qd4 30. Ne4 Re8 31. Qxf6+ Qxf6 32. Nxf6 Re7 33.
Bd3 Rf7 34. Ne4 Rxf4 35. c5 1-0

[Event "UKR ol"]
[Site "Alushta"]
[Date "1999.??.??"]
[Round "?"]
[White "Galakhov, Vladimir"]
[Black "Gutman, Gennadi"]
[Result "0-1"]
[WhiteElo "2405"]
[BlackElo "2470"]
[PlyCount "86"]
[EventDate "1999.05.12"]
[EventType "team"]
[EventRounds "11"]
[EventCountry "UKR"]
[SourceTitle "EXT 2001"]
[Source "ChessBase"]
[SourceDate "2000.11.22"]
[SourceVersion "1"]
[SourceVersionDate "2000.11.22"]
[SourceQuality "1"]

1. d4 Nf6 2. Nf3 g6 3. Bg5 Bg7 4. c3 O-O 5. Nbd2 d6 6. e4 c5 7. dxc5 dxc5 8.
Be2 Nc6 9. O-O Qc7 10. Qc2 h6 11. Be3 b6 12. h3 Bb7 13. a4 Rac8 14. Rfe1 Rfd8
15. Nc4 e5 16. Bf1 Ne7 17. Nfxe5 Bxe4 18. Qc1 h5 19. Bf4 Qb7 20. a5 Nf5 21. Bg5
b5 22. Nd2 Bc6 23. a6 Qc7 24. Ndf3 c4 25. Nxc6 Qxc6 26. Ne5 Qc5 27. g4 hxg4 28.
hxg4 Ne7 29. Bg2 Ned5 30. Qc2 Re8 31. Rad1 Re6 32. Qd2 Rce8 33. Bxd5 Rxe5 34.
Rxe5 Rxe5 35. Bxf6 Bxf6 36. Bf3 Qc8 37. Qd7 Qxa6 38. Rd6 Qa1+ 39. Kg2 Kg7 40.
Rd5 Re1 41. Qxb5 Rh1 42. Kg3 Qg1+ 43. Kf4 Qc1+ 0-1

[Event "UKR ol"]
[Site "Alushta"]
[Date "1999.??.??"]
[Round "?"]
[White "Kozel, Roman"]
[Black "Gutman, Gennadi"]
[Result "0-1"]
[WhiteElo "2361"]
[BlackElo "2470"]
[PlyCount "64"]
[EventDate "1999.05.12"]
[EventType "team"]
[EventRounds "11"]
[EventCountry "UKR"]
[SourceTitle "EXT 2001"]
[Source "ChessBase"]
[SourceDate "2000.11.22"]
[SourceVersion "1"]
[SourceVersionDate "2000.11.22"]
[SourceQuality "1"]

1. c4 g6 2. Nc3 Bg7 3. Nf3 d6 4. g3 e5 5. Bg2 f5 6. O-O Nf6 7. d3 O-O 8. c5 Nc6
9. cxd6 cxd6 10. Bg5 h6 11. Bxf6 Qxf6 12. Qb3+ Kh8 13. e3 Rb8 14. Nd2 Be6 15.
Qa3 Qf7 16. b4 a6 17. Rac1 d5 18. Ne2 g5 19. d4 exd4 20. Nxd4 Nxd4 21. exd4 f4
22. Qa5 g4 23. gxf4 Qxf4 24. Nb3 Bd7 25. Qxd5 Bb5 26. Qe6 Rbe8 27. Qb6 Bxf1 28.
Rxf1 Re2 29. Qxb7 Re1 30. f3 Qe3+ 31. Kh1 gxf3 32. Bh3 Qe2 0-1

[Event "Rovno"]
[Site "Rovno"]
[Date "2000.??.??"]
[Round "2"]
[White "Kasparov, Sergey"]
[Black "Gutman, Gennadi"]
[Result "0-1"]
[WhiteElo "2465"]
[BlackElo "2499"]
[Annotator "Ribli,Z"]
[PlyCount "76"]
[EventDate "2000.01.20"]
[EventType "tourn"]
[EventRounds "15"]
[EventCountry "UKR"]
[EventCategory "8"]
[SourceTitle "CBM 076"]
[Source "ChessBase"]
[SourceDate "2000.05.31"]
[SourceVersion "1"]
[SourceVersionDate "2000.05.31"]
[SourceQuality "1"]

1. c4 e6 2. Nf3 Nf6 3. Nc3 b6 4. g3 (4. e4 {Das wäre die prinzipielle
Fortsetzung für Weiß.}) 4... Bb7 5. Bg2 Be7 6. O-O O-O 7. b3 {Anstelle dieser
Fortsetzung kann Weiß mit 7.d4 in eine Grundstellung der Damenindischen
Verteidigung überleiten.} d5 8. e3 Nbd7 {Das ist ein elastisches Feld für den
Springer, aber man kann auch den Plan c5-Nc6 verfolgen.} 9. Bb2 c5 (9... Ne4
10. Ne2) 10. Qe2 Rc8 {Meiner Meinung nach bieten dieser Zug und das
alternative 10...Qc7 Schwarz die besten Ausgleichschancen. Er muss die
Spannung im Zentrum aufrecht erhalten.} (10... Qc7) (10... Ne4 11. Rfd1 Nxc3
12. Bxc3 Bf6 13. cxd5 Bxd5 14. d4 $14 {[%cal Gd1d8]}) (10... dxc4 11. bxc4 Ne4
12. Nxe4 Bxe4 13. d3 Bc6 14. a4 $14 {Diese Strategie ist bekannt - Weiß möchte
anschließend a4-a5 ziehen, wonach Schwarz prinzipiell zwei Möglichkeiten
offenstehen: Nach bxa5 bekommt Weiß die viel bessere Bauernstruktur. Lässt
Schwarz den Bauern hingegen auf a5 stehen, spielt Weiß axb6 und verpasst
Schwarz mit dem schwachen Pb6 eine angreifbare positionelle Schwäche auf der
b-Linie.}) 11. Rfd1 Qc7 12. Rac1 (12. cxd5 Nxd5 13. Nxd5 Bxd5 14. e4 Bb7 15. d4
cxd4 (15... Nf6 16. Ne5 cxd4 17. Bxd4 Rfd8 18. Nc4 Ba6 19. Bf1 b5 20. e5 Nd5
21. Nd6 Bxd6 22. exd6 Qxd6 23. a4 Bb7 24. axb5 Ra8 25. Qe5 Qxe5 26. Bxe5 f6 27.
Bd4 Nb6 {1/2-1/2 Espig,L-Womacka,M/Germany 1996/GER-chT2 (39)}) 16. Nxd4 Rfd8
$10 {Ribli-Saren Helsinki zt 1972}) 12... Qb8 13. cxd5 {Damit strebt Weiß
Vereinfachungen an - nach 13.d3 wäre eine komplitziertere Partie entstanden.} (
13. d3 Rfd8 14. Nh4 $1 dxc4 15. bxc4 Bxg2 16. Nxg2 Qb7 17. f4 Nb8 18. g4 $40 {
Rodriguez,A-Hernandez,Y/Mondariz Balneario 1995/Inf 64 (25)}) 13... Nxd5 (13...
exd5 $6 14. d4 $14 {Der schwarze Bb7 ist eingeschlossen, und der Pd5 stellt
eine potentielle Schwäche dar.}) 14. Nxd5 Bxd5 (14... exd5 $6 15. d4 $14) 15.
e4 {Das ist die Hauptidee von Weiß - er verjagt den Läufer von d5 und bereitet
d2-d4 vor.} (15. d4 $6 Qb7) 15... Bb7 16. d4 Qa8 {Das ist eine typische
Platzierung der Dame - gemeinsam mit dem Bb7 kontrolliert sie die große
Diagonale.} (16... cxd4 17. Rxc8 (17. Nxd4 Nf6 18. Rxc8 Rxc8 19. e5 Nd5 20. Nf5
exf5 21. Bxd5 Bxd5 22. Rxd5 Rd8 23. Rxd8+ Qxd8 24. e6 Qd5 {1/2-1/2 Wockenfuss,
K-De Francesco,K/Bayern 1995/EXT 99 (30)}) 17... Rxc8 18. Nxd4 Nc5 19. e5 {
1/2-1/2 Psakhis,L-Huebner,R/Baden-Baden 1992/CBM 33/[Ribli] (19)}) 17. d5 {
Eine ambitionierte Fortsetzung - Weiß sucht Aktivität im Zentrum, aber der
Textzug hat auch seine Schattenseite: der Pd5 kann schwach werden.} (17. Ne1
$11) 17... exd5 18. exd5 $13 Bf6 {[%mdl 4] Schwarz möchte den gefährlichen Bb2
tauschen. Diese Partie ist ein gutes Beispiel dafür, wie man gegen einen
schnell vorgeschobenen Bauern spielen sollte.} (18... Rfe8 19. Qd3 Rcd8 $13)
19. Bxf6 Nxf6 20. Ng5 (20. d6 Rcd8 $13) (20. Nh4 Rfe8 (20... Bxd5 21. Rxd5 (21.
Bxd5 Nxd5 22. Nf5 Rcd8 23. Qg4 g6) 21... Nxd5 22. Qe5 Rfe8 (22... Rcd8 $2 23.
Nf5 $18) 23. Qxd5 Qxd5 24. Bxd5 Re2 $13) (20... Nxd5 21. Nf5 $44)) 20... Rcd8
$1 {Dieser Zug gewinnt eigentlich schon einen Bauern - Weiß kann den Pd5 nicht
mehr verteidigen.} (20... Bxd5 $2 21. Rxd5 Nxd5 22. Qd3 $18 {[%cal Rg2a8,Rd3h7]
}) (20... Nxd5 21. Bxd5 Bxd5 22. Qd3 $18 {[%cal Rd1d5,Rd3h7]}) 21. Rd2 h6 $5 (
21... Bxd5 $17) 22. Ne4 Nxd5 $17 {Schwarz hat einen gesunden Mehrbauern. Weiß
verfügt über keine Kompensation. Wie ist es möglich, dass Kasparov nach 22.
Zügen so schlecht gegen Gutman steht? Der weiße Spieler ist nur ein
Namensvetter des Superstars Kasparov und sein Vorname ist Sergey (statt Garry).
} 23. Qc4 Nc7 (23... Nb4 $17) 24. Rcd1 Rxd2 (24... Ne6 $17 {[%csl Yd4][%cal
Ge6d4]}) 25. Rxd2 Ne6 (25... b5 $6 {Schwarz könnte so spielen, wenn dieser Zug
sofort den Gewinn bringen würde. In diesem Fall aber schwächte er damit nur
seine zuvor gesunde Bauernstruktur.} 26. Qc2 (26. Qxc5 $2 Bxe4 27. Bxe4 Qxe4
28. Qxc7 Qe1+ $19) 26... f5 27. Rd7 $132) 26. Rd7 {Weiß droht mit einem
kleinen Trick - 27.Rxb7 und 28.Nf6+.} Bc6 27. Rd6 Kh8 {Ein guter
prophylaktische Zug - Schwarz vermeidet eventuell durch Nf6+ drohende
Unannehmlichkeiten .} (27... Nd4 28. Nf6+ gxf6 29. Bxc6 $132 Nxc6 30. Qg4+ Kh7
31. Qe4+ $11) 28. Qd3 Bxe4 (28... Nd4 {Dieser Zug ist vielleicht nicht
schlechter als die Partiefortsetzung, aber die Erwiderung 29.Nf6 wirkt auf den
ersten Blick gefährlich. Deshalb zieht Schwarz die langsame aber sichere
Methode vor.} 29. Nf6 gxf6 30. Bxc6 Nxc6 31. Qf3 Nd4 32. Qxf6+ Kg8) 29. Bxe4
Qb8 30. Qd2 Kg8 {Schwarz bereitet Nd4 vor und vermeidet Motive mit Rxh6+.} (
30... Nd4 $2 31. Rxh6+ $1) 31. Kg2 (31. b4 Nd4 32. bxc5 bxc5 $17) 31... Nd4 $2
{Dieser Zug ist im Prinzip gut, und 32.Rxh6 kommt nicht mit Schach. Trotzdem
verschafft er Weiß eine starke taktische Möglichkeit.} (31... Rd8 $5 $17) 32.
Rd7 (32. Rxh6 $1 {Mit Schach oder nicht, dieser Zug ist stark. Es droht
mindestens ewiges Schach mit 33.Bh7+.} Re8 33. Rh4 Rxe4 34. Rxe4 Qa8 35. f3 (
35. Qf4 $4 f5 $19) 35... Nxf3 36. Kxf3 f5 37. Qf4 $11) 32... Rd8 33. Rxd8+ Qxd8
{[%mdl 4096]} 34. Kh1 (34. b4) (34. f4 Qe7 35. Bf3 a5 $17) 34... Qe7 35. Bg2 a5
{Endlich mobilisiert Schwarz seine Mehrheit am Damenflügel - Weiß kann nur
abwarten.} (35... Qe2 $17) 36. Qd1 Qe2 $1 {Dieses Eindringen der Dame ist sehr
stark - Weiß ist gezwungen, die Damen zu tauschen.} 37. Qxe2 Nxe2 38. f4 $6 {
Dieser Zug verliert sofort, aber die weiße Stellung ist ohnehin nicht mehr zu
halten.} (38. a4 Kf8 $17) 38... Nc1 {Weiß verliert weitere Bauern, daher gab
er in verlorener Stellung auf.} 0-1

[Event "Rovno"]
[Site "Rovno"]
[Date "2000.??.??"]
[Round "3"]
[White "Gutman, Gennadi"]
[Black "Kochetkov, German"]
[Result "1-0"]
[WhiteElo "2499"]
[BlackElo "2360"]
[PlyCount "55"]
[EventDate "2000.01.20"]
[EventType "tourn"]
[EventRounds "15"]
[EventCountry "UKR"]
[EventCategory "8"]
[SourceTitle "CBM 076"]
[Source "ChessBase"]
[SourceDate "2000.05.31"]
[SourceVersion "1"]
[SourceVersionDate "2000.05.31"]
[SourceQuality "1"]

1. d4 d5 2. Nf3 Nf6 3. c4 e6 4. Nc3 c5 5. e3 Nc6 6. Bd3 dxc4 7. Bxc4 cxd4 8.
exd4 Be7 9. O-O O-O 10. Re1 b6 11. a3 Bb7 12. Ba2 Rc8 13. Qd3 a6 14. Bg5 b5 15.
Rac1 Re8 16. Bb1 g6 17. Ba2 Kg7 18. Qd2 Na5 19. Ne5 Nc4 20. Bxc4 bxc4 21. Qf4
Qd6 22. Re3 Red8 23. Rd1 Rc7 24. g4 Rdc8 25. Bh6+ Kg8 26. g5 Ne8 27. Qxf7+ Kh8
28. Rh3 1-0

[Event "Rovno"]
[Site "Rovno"]
[Date "2000.??.??"]
[Round "4"]
[White "Smetankin, Stanislav"]
[Black "Gutman, Gennadi"]
[Result "0-1"]
[WhiteElo "2401"]
[BlackElo "2499"]
[PlyCount "64"]
[EventDate "2000.01.20"]
[EventType "tourn"]
[EventRounds "15"]
[EventCountry "UKR"]
[EventCategory "8"]
[SourceTitle "CBM 076"]
[Source "ChessBase"]
[SourceDate "2000.05.31"]
[SourceVersion "1"]
[SourceVersionDate "2000.05.31"]
[SourceQuality "1"]

1. c4 e5 2. Nc3 Nc6 3. g3 f5 4. Bg2 Nf6 5. e3 g6 6. Nge2 Bg7 7. d4 e4 8. Nf4
Ne7 9. h4 d5 10. h5 c6 11. b3 g5 12. h6 Bf8 13. Nh5 Nxh5 14. Qxh5+ Ng6 15. cxd5
cxd5 16. Bd2 Be6 17. Bf1 a6 18. g4 f4 19. exf4 gxf4 20. Bxf4 Bb4 21. Bd2 O-O
22. a3 e3 23. fxe3 Bxc3 24. Bxc3 Qc7 25. Kd2 Rf2+ 26. Be2 Rxe2+ 27. Kxe2 Qxc3
28. Rad1 Qc2+ 29. Ke1 Qe4 30. Kd2 Bxg4 31. Qg5 Rc8 32. Rc1 Qg2+ 0-1